|
|
|
|
| LEADER |
00000nab a2200000 a 4500 |
| 001 |
vtls000233709 |
| 003 |
SK-MaSNL |
| 005 |
20260303220749.0 |
| 008 |
160204c1985 xo 0 slo |
| 015 |
|
|
|a SNBRA19rr/mm-uuuuu
|
| 035 |
|
|
|a CL0243823
|
| 040 |
|
|
|a SNKBUCL
|b slo
|c SNKBUCL
|e AACR2
|
| 041 |
0 |
|
|a slo
|
| 044 |
|
|
|a xo
|c SK
|
| 080 |
|
|
|a 621.774.37:621.643.2-034.3
|2 1981
|
| 080 |
|
|
|a 621.643.2-034.3
|2 1981
|
| 080 |
|
|
|a 621.778.1.073
|2 1981
|
| 100 |
1 |
|
|a Pernis, Rudolf
|4 aut
|9 594444
|
| 245 |
1 |
0 |
|a Matematické spracovanie medzných podmienok ťahania Cu rúr na voľnom trne
|c Rudolf Pernis
|
| 300 |
|
|
|b Tb. 2. Grafy 2. Sch. 3., lit. 7 zázn. v slov., ruš., angl., nem., poľ.
|
| 650 |
0 |
7 |
|a medené rúry
|2 snkbucl
|9 408668
|
| 650 |
0 |
7 |
|a ťahanie na voľnom tŕni
|2 snkbucl
|9 937710
|
| 650 |
0 |
7 |
|a ťažné nástroje
|2 snkbucl
|9 1254235
|
| 655 |
|
7 |
|a články zo zborníkov
|2 snkbucl
|9 166140
|
| 773 |
0 |
|
|t Nové smery vo výrobe rúr z medi a jej zliatin
|d Banská Bystrica : Dom techniky ČSVTS, 1985
|g S. 97-107
|
| 850 |
|
|
|a Slovenská národná knižnica v Martine
|a MTA001
|
| 852 |
|
|
|a SNK
|b KIS3GCP
|
| 958 |
|
|
|a NB
|
| 958 |
|
|
|a RK
|
| 992 |
|
|
|a RZB
|
| 999 |
|
|
|c 2228794
|d 2230724
|